[Event "TNMH"]
[Site "Aveiro"]
[Date "2023.12.21"]
[Round "6.1"]
[White "Ribeiro, Gustavo"]
[Black "Ribeiro, Fernando"]
[Result "1/2-1/2"]
[BlackElo "2186"]
[WhiteElo "2187"]
[LiveChessVersion "1.4.8"]

1. e4 {[%clk 1:30:51]} c5 {[%clk 1:29:49]} 2. Nf3 {[%clk 1:31:10]} e6
{[%clk 1:29:50]} 3. d4 {[%clk 1:31:29]} cxd4 {[%clk 1:30:12]} 4. Nxd4
{[%clk 1:31:55]} Nc6 {[%clk 1:30:33]} 5. Nc3 {[%clk 1:32:20]} Qc7
{[%clk 1:30:46]} 6. Ncb5 {[%clk 1:32:11]} Qe5 {[%clk 1:26:38]} 7. Be3
{[%clk 1:28:06]} a6 {[%clk 1:18:34]} 8. Nxc6 {[%clk 1:26:43]} bxc6
{[%clk 1:18:23]} 9. Qd4 {[%clk 1:26:21]} Qb8 {[%clk 1:13:19]} 10. Na3
{[%clk 1:24:37]} e5 {[%clk 1:11:53]} 11. Qb6 {[%clk 1:25:00]} Qxb6
{[%clk 0:30:48]} 12. Bxb6 {[%clk 1:25:04]} Bb4+ {[%clk 0:30:46]} 13. c3
{[%clk 1:24:38]} Bxa3 {[%clk 0:31:08]} 14. bxa3 {[%clk 1:25:04]} Nf6
{[%clk 0:31:09]} 15. Bd3 {[%clk 1:21:10]} d5 {[%clk 0:30:59]} 16. exd5
{[%clk 1:20:35]} cxd5 {[%clk 0:28:27]} 17. O-O {[%clk 1:20:37]} O-O
{[%clk 0:28:53]} 18. Rfe1 {[%clk 1:20:10]} Re8 {[%clk 0:28:37]} 19. Rab1
{[%clk 1:19:31]} Rb8 {[%clk 0:20:07]} 20. Bc7 {[%clk 1:18:48]} Rxb1
{[%clk 0:20:12]} 21. Rxb1 {[%clk 1:19:15]} Nd7 {[%clk 0:18:37]} 22. f3
{[%clk 1:14:45]} e4 {[%clk 0:15:27]} 23. Be2 {[%clk 1:14:03]} f5 {[%clk 0:15:21]}
24. f4 {[%clk 1:10:45]} Re6 {[%clk 0:14:57]} 25. Rd1 {[%clk 1:09:14]} Rc6
{[%clk 0:15:14]} 26. Ba5 {[%clk 1:09:42]} Nf6 {[%clk 0:15:19]} 27. Kf2
{[%clk 1:09:17]} Kf7 {[%clk 0:15:38]} 28. Ke3 {[%clk 1:09:25]} Ke6
{[%clk 0:15:49]} 29. Kd4 {[%clk 1:09:43]} Ne8 {[%clk 0:11:59]} 30. c4
{[%clk 1:05:18]} dxc4 {[%clk 0:11:09]} 31. Bxc4+ {[%clk 1:05:31]} Kf6
{[%clk 0:11:12]} 32. Bd5 {[%clk 1:00:28]} Rd6 {[%clk 0:07:37]} 33. Kc5
{[%clk 0:57:08]} Be6 {[%clk 0:04:34]} 34. Bb3 {[%clk 0:57:30]} Bxb3
{[%clk 0:04:15]} 35. Rxd6+ {[%clk 0:56:33]} Nxd6 {[%clk 0:04:44]} 36. Kxd6
{[%clk 0:50:52]} Bc4 {[%clk 0:04:09]} 37. Kc5 {[%clk 0:50:36]} Bf1
{[%clk 0:04:37]} 38. g3 {[%clk 0:50:49]} Kg6 {[%clk 0:05:04]} 39. Kd4
{[%clk 0:51:15]} Kh5 {[%clk 0:05:27]} 40. Ke3 {[%clk 0:51:38]} h6
{[%clk 0:05:29]} 41. h4 {[%clk 0:51:46]} Kg4 {[%clk 0:05:36]} 42. Be1
{[%clk 0:52:00]} Bc4 {[%clk 0:05:59]} 43. Kf2 {[%clk 0:52:21]} Bxa2
{[%clk 0:06:22]} 44. Bd2 {[%clk 0:52:47]} e3+ 1/2-1/2

[Event "TNMH"]
[Site "Aveiro"]
[Date "2023.12.21"]
[Round "6.2"]
[White "Veiga, Jose"]
[Black "Ferreira, Luis"]
[Result "1-0"]
[BlackElo "2193"]
[WhiteElo "2357"]
[LiveChessVersion "1.4.8"]

1. e4 {[%clk 1:26:58]} e6 {[%clk 1:30:54]} 2. d4 {[%clk 1:26:53]} d5
{[%clk 1:31:20]} 3. exd5 {[%clk 1:27:13]} exd5 {[%clk 1:31:45]} 4. Nf3
{[%clk 1:27:40]} c6 {[%clk 1:31:24]} 5. Bd3 {[%clk 1:28:01]} Bg4 {[%clk 1:31:15]}
6. Qe2+ {[%clk 1:27:19]} Qe7 {[%clk 1:29:47]} 7. Be3 {[%clk 1:25:09]} Nd7
{[%clk 1:27:21]} 8. Nbd2 {[%clk 1:20:37]} Ngf6 {[%clk 1:24:49]} 9. O-O-O
{[%clk 1:19:33]} Ne4 {[%clk 1:19:30]} 10. h3 {[%clk 1:16:39]} Bh5
{[%clk 1:19:32]} 11. g4 {[%clk 1:05:35]} Bg6 {[%clk 1:18:02]} 12. Rde1
{[%clk 0:50:02]} O-O-O {[%clk 1:13:22]} 13. Kb1 {[%clk 0:47:19]} Ndf6
{[%clk 1:01:57]} 14. Ne5 {[%clk 0:47:06]} Nxd2+ {[%clk 1:02:06]} 15. Qxd2
{[%clk 0:42:46]} Qc7 {[%clk 0:55:18]} 16. Bg5 {[%clk 0:35:35]} Bd6
{[%clk 0:47:05]} 17. Qf4 {[%clk 0:35:39]} Qb6 {[%clk 0:37:02]} 18. Ka1
{[%clk 0:28:48]} Rhf8 {[%clk 0:28:49]} 19. Rd1 {[%clk 0:18:25]} c5
{[%clk 0:21:45]} 20. Bxf6 {[%clk 0:17:48]} gxf6 {[%clk 0:22:09]} 21. Qxf6
{[%clk 0:18:09]} cxd4 {[%clk 0:18:39]} 22. Rhe1 {[%clk 0:14:15]} Rde8
{[%clk 0:13:59]} 23. Bf5+ {[%clk 0:12:34]} Kc7 {[%clk 0:14:22]} 24. Nd3
{[%clk 0:11:13]} Bc5 {[%clk 0:10:54]} 25. Qg5 {[%clk 0:11:31]} Qd6
{[%clk 0:10:28]} 26. h4 {[%clk 0:10:53]} h6 {[%clk 0:09:01]} 27. Qd2
{[%clk 0:09:39]} Bxf5 {[%clk 0:09:19]} 28. gxf5 {[%clk 0:09:58]} Re4
{[%clk 0:08:37]} 29. Nxc5 {[%clk 0:07:56]} Qxc5 {[%clk 0:08:51]} 30. Rxe4
{[%clk 0:06:52]} dxe4 {[%clk 0:09:16]} 31. Qf4+ {[%clk 0:07:13]} Qd6
{[%clk 0:09:11]} 32. Qxe4 {[%clk 0:07:27]} Rd8 {[%clk 0:09:33]} 33. c3
{[%clk 0:05:27]} d3 {[%clk 0:09:56]} 34. Qc4+ {[%clk 0:05:09]} Kb8
{[%clk 0:09:56]} 35. Qxf7 {[%clk 0:04:23]} d2 {[%clk 0:04:17]} 36. f6 Rf8
{[%clk 0:04:43]} 37. Rxd2 {[%clk 0:04:29]} Qxf6 {[%clk 0:02:22]} 38. Qd5
{[%clk 0:03:24]} Qh8 {[%clk 0:02:22]} 39. a3 {[%clk 0:03:20]} a6 {[%clk 0:02:48]}
40. Ka2 {[%clk 0:02:48]} Ka8 {[%clk 0:03:11]} 41. Re2 {[%clk 0:02:57]} Rd8
{[%clk 0:02:37]} 42. Qe5 Qg8+ {[%clk 0:02:52]} 43. Qe6 {[%clk 0:03:50]} Qh7
{[%clk 0:02:46]} 44. f4 {[%clk 0:03:41]} Qd3 {[%clk 0:02:47]} 45. f5
{[%clk 0:03:30]} Rd5 {[%clk 0:03:02]} 46. Re4 {[%clk 0:02:58]} Rd6
{[%clk 0:03:21]} 47. Qc8+ {[%clk 0:02:48]} Ka7 {[%clk 0:03:21]} 48. Qc5+
{[%clk 0:03:14]} Ka8 {[%clk 0:02:40]} 49. Re6 {[%clk 0:01:16]} Rd5
{[%clk 0:02:36]} 50. Re8+ {[%clk 0:00:55]} Rd8 {[%clk 0:03:03]} 51. Re7
{[%clk 0:00:50]} Qf3 {[%clk 0:02:57]} 52. Rh7 {[%clk 0:00:39]} h5
{[%clk 0:02:52]} 53. Rf7 {[%clk 0:01:01]} Qe4 {[%clk 0:02:44]} 54. Rf8
{[%clk 0:01:12]} Rxf8 {[%clk 0:02:57]} 55. Qxf8+ {[%clk 0:01:31]} Ka7
{[%clk 0:03:26]} 56. Qc5+ {[%clk 0:01:48]} Ka8 {[%clk 0:03:51]} 57. Qc8+
{[%clk 0:01:31]} Ka7 {[%clk 0:04:17]} 58. f6 {[%clk 0:01:42]} Qf4
{[%clk 0:04:09]} 59. Qc5+ {[%clk 0:01:30]} Ka8 {[%clk 0:04:36]} 60. Qd4
{[%clk 0:01:52]} Qf5 {[%clk 0:05:00]} 61. c4 {[%clk 0:01:22]} Qf1
{[%clk 0:05:05]} 62. a4 {[%clk 0:01:11]} Kb8 {[%clk 0:04:56]} 63. Qd8+
{[%clk 0:01:06]} Ka7 {[%clk 0:05:21]} 64. Qd4+ {[%clk 0:01:19]} Kb8
{[%clk 0:05:46]} 65. Qe5+ {[%clk 0:01:25]} Ka7 {[%clk 0:05:28]} 66. Qe3+
{[%clk 0:01:00]} Ka8 {[%clk 0:05:48]} 67. Qe6 {[%clk 0:01:24]} Qf4
{[%clk 0:05:30]} 68. f7 {[%clk 0:01:41]} Ka7 {[%clk 0:05:53]} 69. Qd5
{[%clk 0:01:46]} Kb6 {[%clk 0:04:29]} 70. a5+ {[%clk 0:02:06]} 1-0

[Event "TNMH"]
[Site "Aveiro"]
[Date "2023.12.21"]
[Round "6.3"]
[White "Martins, Bruno"]
[Black "Goncalves, Samuel"]
[Result "1/2-1/2"]
[BlackElo "2165"]
[WhiteElo "2334"]
[LiveChessVersion "1.4.8"]

1. e4 {[%clk 1:30:57]} e5 {[%clk 1:30:31]} 2. Nf3 {[%clk 1:31:10]} Nc6
{[%clk 1:30:54]} 3. Bb5 {[%clk 1:29:18]} a6 {[%clk 1:30:48]} 4. Ba4
{[%clk 1:29:45]} Nf6 {[%clk 1:31:09]} 5. O-O {[%clk 1:28:19]} Be7
{[%clk 1:31:10]} 6. Re1 {[%clk 1:28:33]} b5 {[%clk 1:31:08]} 7. Bb3
{[%clk 1:29:00]} O-O {[%clk 1:30:35]} 8. a4 {[%clk 1:29:18]} Bb7 {[%clk 1:29:10]}
9. d3 {[%clk 1:29:12]} d6 {[%clk 1:25:38]} 10. Nbd2 {[%clk 1:29:28]} Nd7
{[%clk 1:19:40]} 11. Nf1 {[%clk 1:21:19]} Nc5 {[%clk 1:01:40]} 12. axb5
{[%clk 1:21:26]} axb5 {[%clk 1:01:54]} 13. Rxa8 {[%clk 1:21:48]} Qxa8
{[%clk 1:02:17]} 14. Bd5 {[%clk 1:22:10]} Bd8 {[%clk 0:31:04]} 15. c3
{[%clk 1:07:27]} Ne7 {[%clk 0:30:40]} 16. Bxb7 {[%clk 1:07:49]} Qxb7
{[%clk 0:30:57]} 17. Ng3 {[%clk 1:06:57]} Ne6 {[%clk 0:25:31]} 18. d4
{[%clk 1:05:15]} exd4 {[%clk 0:24:35]} 19. cxd4 {[%clk 1:01:50]} d5
{[%clk 0:24:31]} 20. e5 {[%clk 1:00:50]} c6 {[%clk 0:23:18]} 21. Ng5
{[%clk 0:55:59]} Ng6 {[%clk 0:19:31]} 22. Qg4 {[%clk 0:48:49]} Bxg5
{[%clk 0:16:37]} 23. Bxg5 {[%clk 0:49:02]} Qa7 {[%clk 0:16:22]} 24. Be3
{[%clk 0:42:10]} c5 {[%clk 0:15:39]} 25. Nf5 {[%clk 0:28:53]} Qa4
{[%clk 0:11:57]} 26. Qd1 {[%clk 0:24:11]} cxd4 {[%clk 0:10:58]} 27. Bxd4
{[%clk 0:17:20]} Nxd4 {[%clk 0:06:32]} 28. Qxd4 {[%clk 0:14:50]} Qxd4
{[%clk 0:06:39]} 29. Nxd4 {[%clk 0:15:18]} Re8 {[%clk 0:06:54]} 30. Kf1
{[%clk 0:10:00]} Kf8 {[%clk 0:05:35]} 31. g3 {[%clk 0:05:14]} Nxe5
{[%clk 0:04:36]} 32. Nxb5 {[%clk 0:04:16]} Nd3 {[%clk 0:02:32]} 33. Rxe8+
{[%clk 0:04:09]} Kxe8 {[%clk 0:03:00]} 34. b3 {[%clk 0:04:20]} Kd7
{[%clk 0:02:49]} 35. Nd4 {[%clk 0:04:42]} g6 {[%clk 0:02:18]} 36. Ke2
{[%clk 0:05:05]} Nc5 {[%clk 0:02:30]} 37. Ke3 {[%clk 0:02:14]} Kd6
{[%clk 0:02:40]} 38. f3 {[%clk 0:01:56]} Na6 {[%clk 0:02:07]} 39. h4
{[%clk 0:01:32]} Nc5 {[%clk 0:01:29]} 40. g4 {[%clk 0:01:32]} Nd7
{[%clk 0:00:56]} 41. b4 {[%clk 0:01:48]} Ne5 {[%clk 0:00:49]} 42. g5
{[%clk 0:01:28]} Nc4+ {[%clk 0:01:02]} 43. Kd3 {[%clk 0:01:28]} Ke5
{[%clk 0:00:48]} 44. Ne2 {[%clk 0:01:50]} Nb2+ {[%clk 0:00:56]} 45. Kc3
{[%clk 0:01:20]} Nd1+ {[%clk 0:01:13]} 46. Kd2 {[%clk 0:01:02]} Nb2
{[%clk 0:01:30]} 47. Kc3 {[%clk 0:01:24]} Nd1+ {[%clk 0:01:57]} 48. Kd2
{[%clk 0:01:50]} Nb2 {[%clk 0:02:05]} 49. Kc2 {[%clk 0:00:40]} Nc4
{[%clk 0:02:27]} 50. Kc3 {[%clk 0:00:42]} Ne3 {[%clk 0:02:23]} 51. Nd4
{[%clk 0:00:34]} Nd1+ {[%clk 0:02:32]} 1/2-1/2

[Event "TNMH"]
[Site "Aveiro"]
[Date "2023.12.21"]
[Round "6.5"]
[White "Farias, David"]
[Black "Fidalgo, Andre"]
[Result "0-1"]
[BlackElo "2245"]
[WhiteElo "2133"]
[LiveChessVersion "1.4.8"]

1. e4 e5 2. Nf3 Nc6 3. Bb5 a6 4. Ba4 Nf6 5. O-O b5 6. Bb3 Bc5 7. c3 d6 8. d4 Bb6
9. a4 Rb8 10. Qd3 Bd7 11. axb5 axb5 12. Na3 h6 13. Nxb5 O-O 14. Na3 exd4 15. Nxd4
Qe7 16. Nxc6 Bxc6 17. Bd5 Bxd5 18. exd5 Ng4 19. Bf4 Nxf2 20. Rxf2 Bxf2+ 21. Kxf2
Qf6 22. Qf3 Rxb2+ 23. Kg1 Ra8 24. Rf1 Rxa3 25. Bc1 Qxf3 26. gxf3 Raa2 27. Bxb2
Rxb2 28. Re1 Kf8 29. Re4 Rd2 30. Rc4 Rxd5 31. Rxc7 Rc5 32. Rd7 Rxc3 33. Rxd6 Rxf3
34. Kg2 Rf6 35. Rd7 g5 36. Kg3 Kg7 37. Rd5 Kg6 38. h4 Rf4 39. hxg5 hxg5 40. Rd6+
f6 41. Rd8 Ra4 42. Rd3 f5 43. Rd5 Ra3+ 44. Kf2 g4 45. Rd8 Kg5 46. Rd5 g3+ 47. Kg2
Kg4 48. Rd8 Ra2+ 49. Kg1 f4 50. Rd4 Kh3 0-1

[Event "TNMH"]
[Site "Aveiro"]
[Date "2023.12.21"]
[Round "6.6"]
[White "Tribuzi, Carlos"]
[Black "Matos, Joao"]
[Result "1-0"]
[BlackElo "1636"]
[WhiteElo "1526"]
[LiveChessVersion "1.4.8"]

1. e4 {[%clk 1:30:56]} c5 {[%clk 1:30:48]} 2. Nf3 {[%clk 1:31:09]} Nc6
{[%clk 1:31:02]} 3. d4 {[%clk 1:29:09]} cxd4 {[%clk 1:31:19]} 4. Nxd4
{[%clk 1:28:47]} g6 {[%clk 1:30:50]} 5. Be2 {[%clk 1:26:00]} Bg7 {[%clk 1:30:27]}
6. Be3 {[%clk 1:25:24]} Nf6 {[%clk 1:29:39]} 7. Nc3 {[%clk 1:25:05]} O-O
{[%clk 1:28:01]} 8. Nb3 {[%clk 1:22:48]} d6 {[%clk 1:26:31]} 9. g4
{[%clk 1:19:20]} Be6 {[%clk 1:20:19]} 10. g5 {[%clk 1:17:36]} Ne8
{[%clk 1:18:39]} 11. Qd2 {[%clk 1:12:41]} Nc7 {[%clk 1:13:19]} 12. O-O-O
{[%clk 1:10:59]} a5 {[%clk 1:12:55]} 13. h4 {[%clk 1:09:36]} a4 {[%clk 1:12:07]}
14. Nd4 {[%clk 1:09:13]} d5 {[%clk 1:05:55]} 15. h5 {[%clk 0:59:08]} Nxd4
{[%clk 1:04:22]} 16. Bxd4 {[%clk 0:59:08]} dxe4 {[%clk 1:04:21]} 17. hxg6
{[%clk 0:49:29]} fxg6 {[%clk 1:00:34]} 18. Qe3 {[%clk 0:45:37]} Bxd4
{[%clk 0:45:53]} 19. Rxd4 {[%clk 0:45:39]} Qe8 {[%clk 0:44:02]} 20. Bc4
{[%clk 0:31:39]} Qf7 {[%clk 0:34:39]} 21. Bxe6 {[%clk 0:31:09]} Nxe6
{[%clk 0:34:53]} 22. Rxe4 {[%clk 0:30:25]} Ra6 {[%clk 0:34:34]} 23. Re1
{[%clk 0:23:10]} Ng7 {[%clk 0:29:34]} 24. Rxe7 {[%clk 0:20:31]} Qxf2
{[%clk 0:29:17]} 25. Qxf2 {[%clk 0:18:35]} Rxf2 {[%clk 0:29:39]} 26. Ne4
{[%clk 0:17:59]} Rf7 {[%clk 0:27:48]} 27. Nf6+ {[%clk 0:17:25]} Raxf6
{[%clk 0:26:57]} 28. gxf6 {[%clk 0:17:38]} Rxf6 {[%clk 0:26:29]} 29. Rxb7
{[%clk 0:17:09]} Rf7 {[%clk 0:24:40]} 30. Rxf7 {[%clk 0:16:26]} Kxf7
{[%clk 0:25:08]} 31. c4 {[%clk 0:16:36]} Ne6 {[%clk 0:24:40]} 32. b4
{[%clk 0:16:09]} axb3 {[%clk 0:24:50]} 33. axb3 {[%clk 0:16:32]} h5
{[%clk 0:24:31]} 34. b4 {[%clk 0:16:40]} h4 {[%clk 0:24:44]} 35. b5
{[%clk 0:16:17]} h3 {[%clk 0:24:35]} 36. b6 {[%clk 0:16:02]} Nc5 {[%clk 0:24:50]}
37. Rh1 {[%clk 0:14:11]} Ke6 {[%clk 0:24:14]} 38. Rxh3 {[%clk 0:13:56]} Kd7
{[%clk 0:24:12]} 39. Rh7+ {[%clk 0:12:30]} Kc6 {[%clk 0:24:29]} 40. Rh6
{[%clk 0:11:20]} Nd3+ {[%clk 0:24:23]} 41. Kc2 {[%clk 0:10:54]} Ne5
{[%clk 0:24:42]} 42. Kc3 {[%clk 0:07:57]} Kxb6 {[%clk 0:24:52]} 43. Kd4
{[%clk 0:07:57]} Nc6+ {[%clk 0:24:56]} 44. Kd5 {[%clk 0:07:07]} Ne7+
{[%clk 0:24:45]} 45. Ke4 {[%clk 0:06:27]} Kc5 {[%clk 0:24:36]} 46. Kd3
{[%clk 0:06:28]} Nc6 {[%clk 0:24:20]} 47. Rh8 {[%clk 0:05:11]} Ne5+
{[%clk 0:23:52]} 48. Kc3 {[%clk 0:05:19]} g5 {[%clk 0:22:44]} 49. Ra8
{[%clk 0:05:25]} g4 {[%clk 0:22:08]} 50. Ra5+ {[%clk 0:05:36]} Kd6
{[%clk 0:22:14]} 51. Rd5+ {[%clk 0:05:33]} Ke6 {[%clk 0:22:20]} 52. Rd1
{[%clk 0:05:11]} Kf5 {[%clk 0:21:29]} 53. c5 {[%clk 0:04:58]} g3 {[%clk 0:21:26]}
54. Kd4 {[%clk 0:04:25]} Kf4 {[%clk 0:21:14]} 55. Rf1+ {[%clk 0:03:19]} Nf3+
{[%clk 0:21:37]} 56. Kd5 {[%clk 0:03:02]} g2 {[%clk 0:21:43]} 57. Ra1
{[%clk 0:02:56]} Nd2 {[%clk 0:20:39]} 58. Rg1 {[%clk 0:02:44]} Kf3
{[%clk 0:20:43]} 59. c6 {[%clk 0:02:34]} Ne4 {[%clk 0:20:27]} 60. Rxg2
{[%clk 0:02:21]} Nc3+ {[%clk 0:20:13]} 61. Kc4 {[%clk 0:02:28]} Ne4
{[%clk 0:20:11]} 62. Rg8 {[%clk 0:01:51]} Nd6+ {[%clk 0:20:15]} 63. Kd5
{[%clk 0:01:57]} Nf5 {[%clk 0:20:17]} 64. Rf8 {[%clk 0:02:09]} Kg4
{[%clk 0:20:38]} 65. Rxf5 {[%clk 0:02:22]} 1-0

[Event "TNMH"]
[Site "Aveiro"]
[Date "2023.12.21"]
[Round "6.7"]
[White "Sousa, Pedro"]
[Black "Marques, Pedro"]
[Result "1-0"]
[BlackElo "1751"]
[WhiteElo "1170"]
[LiveChessVersion "1.4.8"]

1. e4 {[%clk 1:20:39]} c5 {[%clk 1:29:53]} 2. c3 {[%clk 1:20:33]} Nf6
{[%clk 1:28:21]} 3. e5 {[%clk 1:20:38]} Nd5 {[%clk 1:28:44]} 4. d4
{[%clk 1:21:01]} cxd4 5. cxd4 {[%clk 1:20:45]} e6 {[%clk 1:22:32]} 6. Nc3
{[%clk 1:19:43]} Bb4 {[%clk 1:06:28]} 7. Bd2 {[%clk 1:17:14]} Bxc3
{[%clk 1:03:03]} 8. bxc3 {[%clk 1:12:52]} d6 {[%clk 1:00:09]} 9. Nf3
{[%clk 1:11:42]} Qc7 {[%clk 0:55:01]} 10. c4 {[%clk 1:01:32]} Ne7
{[%clk 0:54:44]} 11. Bb4 {[%clk 0:55:51]} dxe5 {[%clk 0:54:21]} 12. dxe5
{[%clk 0:55:52]} Nbc6 {[%clk 0:53:05]} 13. Bd6 {[%clk 0:52:59]} Qa5+
{[%clk 0:52:57]} 14. Qd2 {[%clk 0:53:08]} Qxd2+ {[%clk 0:49:34]} 15. Nxd2
{[%clk 0:52:56]} f6 {[%clk 0:46:41]} 16. exf6 {[%clk 0:49:14]} gxf6
{[%clk 0:46:44]} 17. O-O-O {[%clk 0:33:31]} e5 {[%clk 0:41:42]} 18. f4
{[%clk 0:27:23]} Ng6 {[%clk 0:32:33]} 19. fxe5 {[%clk 0:26:35]} Ngxe5
{[%clk 0:32:07]} 20. Be2 {[%clk 0:20:39]} Bf5 {[%clk 0:21:55]} 21. Rhf1
{[%clk 0:15:14]} Nd4 {[%clk 0:21:38]} 22. Bh5+ {[%clk 0:14:51]} Kd7
{[%clk 0:20:57]} 23. Bxe5 {[%clk 0:14:40]} fxe5 {[%clk 0:20:58]} 24. Nf3
{[%clk 0:11:40]} Rac8 {[%clk 0:17:00]} 25. Nxe5+ {[%clk 0:10:12]} Ke6
{[%clk 0:17:14]} 26. Rxd4 {[%clk 0:10:08]} Kxe5 {[%clk 0:16:32]} 27. Rd5+
{[%clk 0:10:24]} Ke4 {[%clk 0:16:46]} 28. Rfxf5 {[%clk 0:08:26]} Rxc4+
{[%clk 0:16:48]} 29. Kd2 {[%clk 0:06:58]} Kxd5 1-0

[Event "TNMH"]
[Site "Aveiro"]
[Date "2023.12.21"]
[Round "6.8"]
[White "Ferreira, Vasco"]
[Black "Meuter, Alain"]
[Result "1-0"]
[BlackElo "1392"]
[WhiteElo "1561"]
[LiveChessVersion "1.4.8"]

1. e4 {[%clk 1:30:23]} c5 {[%clk 1:30:39]} 2. Nf3 {[%clk 1:30:39]} d6
{[%clk 1:30:56]} 3. Bb5+ {[%clk 1:30:58]} Bd7 {[%clk 1:31:16]} 4. Bxd7+
{[%clk 1:31:15]} Qxd7 {[%clk 1:31:44]} 5. O-O {[%clk 1:31:23]} Nc6
{[%clk 1:31:15]} 6. c3 {[%clk 1:31:27]} Nf6 {[%clk 1:30:21]} 7. Qe2
{[%clk 1:30:40]} e5 {[%clk 1:28:46]} 8. Rd1 {[%clk 1:27:10]} Be7 {[%clk 1:22:48]}
9. d4 {[%clk 1:23:21]} cxd4 {[%clk 1:19:13]} 10. cxd4 {[%clk 1:23:29]} exd4
{[%clk 1:06:47]} 11. Nxd4 {[%clk 1:21:36]} O-O {[%clk 1:00:24]} 12. Nc3
{[%clk 1:10:15]} Nxd4 {[%clk 0:50:13]} 13. Rxd4 {[%clk 1:10:26]} Qc6
{[%clk 0:43:25]} 14. Rc4 {[%clk 0:59:38]} Qd7 {[%clk 0:43:24]} 15. Bg5
{[%clk 0:55:30]} Rac8 {[%clk 0:38:14]} 16. Rd1 {[%clk 0:47:05]} Rxc4
{[%clk 0:35:20]} 17. Qxc4 {[%clk 0:47:23]} Rc8 {[%clk 0:35:24]} 18. Qd3
{[%clk 0:45:06]} h6 {[%clk 0:31:14]} 19. Bf4 {[%clk 0:40:06]} Rd8
{[%clk 0:27:04]} 20. h3 {[%clk 0:26:29]} a6 {[%clk 0:26:09]} 21. Nd5
{[%clk 0:20:29]} Nxd5 {[%clk 0:24:24]} 22. Qxd5 {[%clk 0:20:50]} Qa4
{[%clk 0:22:08]} 23. Rd4 {[%clk 0:19:34]} Qc2 {[%clk 0:19:06]} 24. Qxb7
{[%clk 0:13:55]} Bf6 {[%clk 0:19:03]} 25. e5 {[%clk 0:14:10]} dxe5
{[%clk 0:06:35]} 26. Rxd8+ {[%clk 0:14:31]} Bxd8 {[%clk 0:06:59]} 27. Bxe5
{[%clk 0:14:29]} Bh4 {[%clk 0:03:33]} 28. g3 {[%clk 0:09:13]} Bg5
{[%clk 0:01:55]} 29. Qxa6 {[%clk 0:05:43]} Qd1+ {[%clk 0:02:09]} 30. Qf1
{[%clk 0:06:03]} Qd5 {[%clk 0:02:03]} 31. Bc3 {[%clk 0:05:26]} Qxa2
{[%clk 0:02:13]} 32. Qe2 {[%clk 0:04:49]} Qb3 {[%clk 0:02:20]} 33. Qe8+
{[%clk 0:04:38]} Kh7 {[%clk 0:02:41]} 34. Qe4+ {[%clk 0:05:02]} Kg8
{[%clk 0:03:04]} 35. Qg4 {[%clk 0:04:11]} Qe6 {[%clk 0:02:53]} 36. Qxe6
{[%clk 0:03:49]} fxe6 {[%clk 0:03:22]} 37. f4 {[%clk 0:03:23]} Be7
{[%clk 0:03:37]} 38. b4 {[%clk 0:02:22]} g5 {[%clk 0:03:54]} 39. b5
{[%clk 0:02:24]} gxf4 {[%clk 0:04:20]} 40. gxf4 {[%clk 0:02:35]} Bd6
{[%clk 0:04:13]} 41. Be5 {[%clk 0:02:51]} Bc5+ {[%clk 0:04:14]} 42. Kg2
{[%clk 0:03:12]} Kf7 {[%clk 0:04:29]} 43. Bc7 {[%clk 0:02:25]} Ke7
{[%clk 0:04:18]} 44. b6 {[%clk 0:02:45]} Kd7 {[%clk 0:04:38]} 45. Kg3
{[%clk 0:02:53]} Be7 {[%clk 0:01:53]} 46. Kf3 1-0

[Event "TNMH"]
[Site "Aveiro"]
[Date "2023.12.21"]
[Round "6.9"]
[White "Ermida, Ricardo"]
[Black "Justino, Francisco"]
[Result "1-0"]
[BlackElo "1392"]
[WhiteElo "1700"]
[LiveChessVersion "1.4.8"]

1. Nf3 {[%clk 1:30:57]} d5 {[%clk 1:24:54]} 2. g3 {[%clk 1:31:18]} Nf6
{[%clk 1:24:10]} 3. Bg2 {[%clk 1:31:42]} Bf5 {[%clk 1:22:50]} 4. O-O
{[%clk 1:32:04]} e6 {[%clk 1:22:06]} 5. d3 {[%clk 1:32:29]} Be7 {[%clk 1:15:24]}
6. Nbd2 {[%clk 1:32:51]} O-O {[%clk 1:12:41]} 7. Qe1 {[%clk 1:33:16]} Nbd7
{[%clk 1:07:52]} 8. e4 {[%clk 1:33:32]} dxe4 {[%clk 1:08:02]} 9. dxe4
{[%clk 1:33:55]} Bg6 {[%clk 1:08:05]} 10. Nh4 {[%clk 1:29:51]} e5
{[%clk 0:59:31]} 11. Nxg6 {[%clk 1:29:12]} hxg6 {[%clk 0:58:55]} 12. b3
{[%clk 1:29:23]} Nb6 {[%clk 0:54:37]} 13. Nf3 {[%clk 1:28:29]} Bd6
{[%clk 0:54:55]} 14. Bg5 {[%clk 1:28:21]} Re8 {[%clk 0:51:13]} 15. Rd1
{[%clk 1:28:39]} Qe7 {[%clk 0:51:23]} 16. c4 {[%clk 1:26:50]} a5 {[%clk 0:49:10]}
17. Qe2 {[%clk 1:25:40]} a4 {[%clk 0:47:08]} 18. Qc2 {[%clk 1:25:59]} axb3
{[%clk 0:47:17]} 19. axb3 {[%clk 1:26:21]} Ra3 {[%clk 0:45:10]} 20. Ra1
{[%clk 1:22:50]} Rea8 {[%clk 0:44:35]} 21. Rxa3 {[%clk 1:23:10]} Rxa3
{[%clk 0:45:01]} 22. Rc1 {[%clk 1:22:11]} Bc5 {[%clk 0:42:52]} 23. Qb2
{[%clk 1:16:27]} Nbd7 {[%clk 0:41:13]} 24. Qc2 {[%clk 1:14:08]} Nb8
{[%clk 0:32:46]} 25. Rd1 {[%clk 1:11:35]} Nc6 {[%clk 0:32:41]} 26. h3
{[%clk 1:06:15]} Nb4 {[%clk 0:29:01]} 27. Qb2 {[%clk 1:04:12]} Ra2
{[%clk 0:28:18]} 28. Qxe5 {[%clk 1:03:40]} Bxf2+ {[%clk 0:28:00]} 29. Kh2
{[%clk 1:03:02]} Qxe5 {[%clk 0:27:36]} 30. Nxe5 {[%clk 1:03:18]} Nh5
{[%clk 0:27:09]} 31. Rd8+ {[%clk 1:01:17]} Kh7 {[%clk 0:27:27]} 32. Nxf7
{[%clk 1:00:47]} Bxg3+ {[%clk 0:27:43]} 33. Kg1 {[%clk 1:00:54]} Bf2+
{[%clk 0:25:36]} 34. Kh1 {[%clk 0:52:43]} 1-0